| 000 | 00725nam a2200253 a 4500 | ||
|---|---|---|---|
| 008 | |||
| 020 | _a0582446953 (pbk.) | ||
| 049 | _aMAIN | ||
| 090 |
_aQD476 _bSYK |
||
| 100 | 1 | _aSykes, Peter. | |
| 245 | 1 | 2 |
_aA guidebook to mechanism in organic chemistry / _cPeter Sykes. |
| 250 | _a6th ed. | ||
| 260 |
_aLondon : _bLongman, _c1986. |
||
| 300 |
_axii, 416 p. : _bill. ; _c22 cm. |
||
| 504 | _aIncludes bibliographical references. | ||
| 500 | _aIncludes index. | ||
| 650 | 0 | _aChemistry, Physical organic. | |
| 650 | 0 | _aChemical reactions. | |
| 907 |
_a.b10181829 _b08-11-10 _c25-11-05 |
||
| 003 | |||
| 005 | 20230123134130.0 | ||
| 040 | _cNUST | ||
| 942 |
_cBOOKS _kQD476 _mSYK |
||
| 999 |
_c160608 _d160608 |
||